000 00557nam a22002177a 4500
003 FEu
005 20140310182817.0
008 130301t xxu||||| |||| 00| 0 eng d
020 _a9-71855521-8
050 _aCir T 11
_bT2 2004
082 _aCir T 11
_bT2 2004
245 _aTechnical writing
_cCorazon C. Vicente ... [et al.]
250 _arev. ed.
260 _aQuezon City
_bUNI-ED
_cc2004
300 _a358 p.
_c22.2 cm.
521 _acollege students
526 _c1210L-1700L
541 _j1
562 _e1
942 _2lcc
_cBK
_kEDUC-FIL
999 _c16296
_d16296